000 00626nam a2200181Ia 4500
008 100917s9999 xx 000 0 und d
082 _b58212
100 _aदेवगिरीकर त्र्यंबक रघुनाथ
245 _aराजकीय आठवणी 1920 ते 1962
260 _bचित्रशाळा प्रकाशन
_c1965
300 _a324
365 _b15
520 _aइतिहास
630 _aराजकीय आठवणी 1920 ते 1962
650 _aइतिहास
730 _aराजकीय आठवणी 1920 ते 1962
942 _cBOOK
999 _c663606
_d663603